| 000 | 00563nam a22001817a 4500 | ||
|---|---|---|---|
| 999 |
_c190123 _d190123 |
||
| 005 | 20220718170423.0 | ||
| 010 | _aENG-133660 | ||
| 020 |
_c150.00 _a9789391373504 |
||
| 035 | _aEN-117192 | ||
| 037 | _bDBAD/PUB | ||
| 082 | _a686.2 | ||
| 100 | _aHilda, Mary | ||
| 245 |
_aA Textbook On Printing Technology/ _cMary Hilda |
||
| 260 |
_aTamil Nadu _bShanlax Publications _c2021 |
||
| 270 |
_a61,66 T. P. K. Main Road,Vasantha Nagar, Madurai _bTamil Nadu _e625003 |
||
| 300 |
_a84 p. _c22 cm(pbk) _bModel Questions |
||
| 942 |
_2ddc _cEN _h686.2 _mHIL |
||